The Twentieh century : a brief global history

Bibliographic Details
Other Authors: Goff, Richard
Format: Book
Published: New York : McGraw-Hill , 1994
Edition:4th edition
Subjects:

MARC

LEADER 00000cam a2200000 7i4500
001 0000002996
002 000003242
005 20090429.0
020 |a 007023566X 
090 0 0 |a 650   |b TWE 
245 0 4 |a The Twentieh century :   |b a brief global history   |c edited by Richard Goff 
250 |a 4th edition 
260 |a New York :   |b McGraw-Hill ,   |c 1994 
300 |a 570p. ;   |c 23cm. 
650 0 0 |a History, Modern   |y 20th century 
700 1 |a Goff, Richard 
999 |a 036569   |b BUKU   |c PINJAMAN   |e PERPUSTAKAAN KOMUNITI PETALING JAYA